Strategic directions for human development in Papua New Guinea (Record no. 213966)
[ view plain ]
| 000 -LEADER | |
|---|---|
| fixed length control field | 01868nam a2200445 a 4500 |
| 082 04 - DEWEY DECIMAL CLASSIFICATION NUMBER | |
| Classification number | 338.9953 |
| 245 00 - TITLE STATEMENT | |
| Title | Strategic directions for human development in Papua New Guinea |
| 260 ## - PUBLICATION, DISTRIBUTION, ETC. (IMPRINT) | |
| Place of publication | Washington, D.C. : |
| Name of publisher | World Bank, |
| Year of publication | c2007. |
| 300 ## - PHYSICAL DESCRIPTION | |
| Number of Pages | xviii, 253 p. : |
| Other physical details | ill. |
| 490 1# - SERIES STATEMENT | |
| Series statement | Directions in development. Human development |
| 500 ## - GENERAL NOTE | |
| General note | "Asian Development Bank, Australian Agency for International Development, World Bank." |
| 650 #0 - SUBJECT ADDED ENTRY--TOPICAL TERM | |
| Topical Term | Public investments |
| Topical Term | Public health |
| Topical Term | HIV infections |
| Topical Term | AIDS (Disease) |
| Topical Term | Education |
| 856 40 - ELECTRONIC LOCATION AND ACCESS | |
| Uniform Resource Identifier | http://site.ebrary.com/lib/rucke/Doc?id=10369851 |
No items available.
